000 00439nam a2200169Ia 4500
008 231217s9999 xx 000 0 und d
020 _a981412625x
041 _aEnglish
082 _a510 BOA;2 R1
100 _aBoas, Mary L.
245 0 _aMathematical methods in the physical sciences
250 _a2nd ed.
260 _c2002
_bJohn Wiley & Sons
_aNew York
300 _axx, 793
650 _aMathematical,physical
942 _cAA
999 _c196851
_d196851